| 000 | 00515nam a2200169 i 4500 | ||
|---|---|---|---|
| 001 | 140850 | ||
| 003 | ES-MaACL | ||
| 005 | 20230906200150.0 | ||
| 007 | t| | ||
| 008 | 070917s1927 gw ||||1| ger d | ||
| 100 | 1 |
_aWenckebach, Karl Frederik. _9116480 |
|
| 245 | 1 | 4 |
_aDie unregelmèassige herztèatigkeit / _cvon K. F. Wenckebach und. Hch. Winterberg. |
| 260 |
_aLeipzig : _bWilhelm Engelmann, _c1927. |
||
| 300 |
_a2 v. ; _c26 cm. |
||
| 700 | 1 |
_aWinterberg, Heinrich. _9117119 |
|
| 852 |
_aES-MaACL _jB-10831-32 |
||
| 999 |
_c140850 _d140850 |
||